000 01601nam a2200325 i 4500
001 194844
003 ES-MaACL
005 20250529063018.0
008 240517b2024 sp ||||| |||| 00| 0 spa d
017 _aM 1729-2024
020 _a9788490414941
040 _bspa
_cES-MaACL
100 _aFernández Rodríguez, Esther
_eaut
_9238731
245 _aEl alma /
_cEsther Fernández Rodríguez
250 _aPrimera edición: mayo 2024
260 _aMadrid :
_bCompañía Nacional de Teatro Clásico,
_c2024
300 _a180 páginas :
_c21 cm
336 _2rdacontent
_atexto
337 _2rdamedia
_asin mediación
338 _2rdacarrier
_avolumen
520 _a«Empezando por la filosofía y terminando por la poesía, este libro se propone trazar un recorrido por el espíritu, el cuerpo y la materia, todos ellos elementos y fuerzas que han conseguido dialogar con el alma y me han abierto caminos desde donde vislumbrar la esencia todopoderosa de nuestra gran conocida-desconocida que dejó su marca en ese gran baile artístico y espiritual que fue nuestro Barroco».
650 4 _99739
_aAlma
852 _aES-MaACL
_cDEPOJ
_jN-9953
_hDonación: Esther Fernández
_xEncuadernación rústica
_gDedicatoria autógrafa de la autora
_9205865
903 _9236477
_aFernández Rodríguez, Esther
_ednr
942 _cMONOGRAFIA
_n0
999 _c194844
_d194844